00808 2200265 4500001002100000005001500021035002000036007000300056008004100059020001800100082001100118084001700129100003100146245009200177250001200269300004300281700002200324264002900346336002100375337003000396338002300426650004100449650003900490990001300529INLIS00000000111858720220421015033 a0010-0422000067ta220421 0 ind  a9786239542412 a959.83 a959.83 PIP k0 aPipit AnggraeniePengarang1 aKopi, Pagebluk, dan Kota: Menyulam Wajah Kota Malang di Era Kolonial /cPipit Anggraeni aedisi 1 axvi, 118 halaman :bilustrasi ;c21 cm0 aAisyahePengarang aMalang :bBeranda,c2021 2rdacontentaTeks 2rdamediaaTanpa Perantara 2rdacarrieraVolume 4aIndonesia -- Zaman kolonial (Malang) 4aIndonesia -- Colonial era (Malang) a21/00833